New Eastonstein Municipalities - Statistics

General Stats
  • This quiz has been taken 11 times
  • The average score is 4 of 7
Answer Stats
Picture Answer % Correct
Multiverse
100%
Veno
100%
New Holmshire
60%
Spartain
60%
Breizhton
40%
North Sosadostan
40%
New Westphalia
20%
No matching quizzes found
Score Distribution
Percent of People with Each Score
Percentile by Number Answered
Your Score History
You have not taken this quiz